000 00402nam a22001697a 4500
005 20180811124830.0
008 160625b xxu||||| |||| 00| 0 eng d
020 _a81-7036-129-X
041 _aeng
082 _b10050
100 _aLynton, Rolf P and Pareek, Udai
_94772
245 _aTraining for Development
260 _bSage
_c2005
300 _a323p,
650 _aManagement
_9241
942 _cBK
999 _c3983
_d3982